[Event "4NCL/Div2b/E2E41 vs. PPA2"]
[Site "Sunningdale ENG"]
[Date "2009.10.25"]
[Round "2.5"]
[White "Kennedy, Craig"]
[Black "Bailey, Kevin J"]
[Result "1-0"]
[WhiteElo "2036"]
[BlackElo "2083"]
[PlyCount "57"]
[EventDate "2009.10.25"]
[EventRounds "11"]
[EventCountry "ENG"]
[SourceDate "2009.10.24"]

1. d4 d5 2. Bf4 Nf6 3. e3 c5 4. c3 Nc6 5. Bd3 Qb6 6. Qc1 Bg4 7. Nd2 e6 8. Ngf3
Be7 9. O-O O-O 10. Ne5 Bh5 11. Bg5 Rad8 12. f4 cxd4 13. exd4 Rfe8 14. Kh1 Nd7
15. Ndf3 f6 16. Nxd7 Rxd7 17. Bh4 Bd6 18. b3 e5 19. fxe5 fxe5 20. dxe5 Nxe5 21.
Nxe5 Bxe5 22. Qg5 Bf7 23. Bxh7+ Kxh7 24. Qf5+ Bg6 25. Qxd7 Bxc3 26. Rac1 d4 27.
Bf6 Kh6 28. Qxg7+ Kh5 29. g4+ 1-0

[Event "4NCL/Div2b/E2E41 vs. PPA2"]
[Site "Sunningdale ENG"]
[Date "2009.10.25"]
[Round "2.6"]
[White "Doci, Stefan"]
[Black "Norinkeviciute, Rasa"]
[Result "1-0"]
[WhiteElo "2076"]
[BlackElo "2027"]
[PlyCount "113"]
[EventDate "2009.10.25"]
[EventRounds "11"]
[EventCountry "ENG"]
[SourceDate "2009.10.24"]

1. d4 g6 2. Nf3 Bg7 3. e3 d6 4. b3 b6 5. Bb2 e6 6. Bb5+ Nd7 7. Bc6 Rb8 8. Qe2
Ne7 9. Bb5 Bb7 10. O-O O-O 11. Nbd2 h6 12. Bd3 c5 13. c4 Qc7 14. Rac1 Rbd8 15.
h4 Nf6 16. e4 cxd4 17. Bxd4 Nc6 18. Ba1 Qe7 19. Rfe1 Nh5 20. Bxg7 Kxg7 21. Qe3
Nf6 22. Nf1 Ng4 23. Qf4 Nge5 24. Nxe5 Nxe5 25. Bb1 h5 26. Ne3 Nd7 27. Rcd1 Nf6
28. Qg5 Ng8 29. Qg3 Nh6 30. f4 Qf6 31. e5 Qe7 32. f5 dxe5 33. fxg6 f6 34. Qf2
Rxd1 35. Rxd1 Rd8 36. Rf1 Rf8 37. Qe2 Qc5 38. Rd1 Bc6 39. Kh1 f5 40. b4 Qe7 41.
Qe1 Rd8 42. b5 Bb7 43. Kh2 Rxd1 44. Nxd1 Ng4+ 45. Kh3 Qa3+ 46. Qg3 Qc5 47. Qd3
Qd4 48. Qa3 Qd7 49. Ne3 Kxg6 50. Nxg4 hxg4+ 51. Kh2 Qd2 52. Qg3 Kh5 53. Bd3 Bf3
54. Kg1 Qd1+ 55. Bf1 Be2 56. Qxe5 Qd2 57. Qxe2 {
Black overstepped the time limit} 1-0

[Event "4NCL/Div2b/E2E41 vs. PPA2"]
[Site "Sunningdale ENG"]
[Date "2009.10.25"]
[Round "2.7"]
[White "Ireland, David J"]
[Black "McMahon, Paul"]
[Result "1/2-1/2"]
[WhiteElo "2010"]
[BlackElo "2043"]
[PlyCount "63"]
[EventDate "2009.10.25"]
[EventRounds "11"]
[EventCountry "ENG"]
[SourceDate "2009.10.24"]

1. e4 e5 2. Nf3 Nc6 3. Bc4 Nf6 4. d4 exd4 5. O-O d5 6. exd5 Nxd5 7. Nxd4 Nxd4
8. Qxd4 Be6 9. Nc3 Qf6 10. Qxf6 Nxf6 11. Re1 Kd7 12. Bxe6+ fxe6 13. Bf4 Re8 14.
Rad1+ Kc6 15. Rd3 Bd6 16. Bg3 Bxg3 17. hxg3 Nd5 18. f3 b6 19. a3 a5 20. Ne2 e5
21. Nc3 Nf6 22. Rde3 Nd5 23. Nxd5 Kxd5 24. Re4 Re7 25. Rd1+ Kc6 26. f4 Rhe8 27.
f5 Rf8 28. g4 h5 29. gxh5 Rxf5 30. g4 Rf4 31. Rxf4 exf4 32. Kf2 1/2-1/2

[Event "4NCL/Div2b/E2E41 vs. PPA2"]
[Site "Sunningdale ENG"]
[Date "2009.10.25"]
[Round "2.8"]
[White "Mountford, Corinne"]
[Black "Jaszkiwskyj, Peter"]
[Result "0-1"]
[WhiteElo "1602"]
[BlackElo "1941"]
[PlyCount "90"]
[EventDate "2009.10.25"]
[EventRounds "11"]
[EventCountry "ENG"]
[SourceDate "2009.10.24"]

1. d4 d5 2. Bf4 Nf6 3. e3 e6 4. Nf3 Nbd7 5. Nbd2 Be7 6. h3 O-O 7. a3 b6 8. Bd3
Bb7 9. Bh2 c5 10. c3 Ne4 11. O-O f5 12. Ne5 Bh4 13. Bxe4 dxe4 14. Nxd7 Qxd7 15.
g3 Bf6 16. f3 Ba6 17. Rf2 Bg5 18. f4 Be7 19. Rg2 cxd4 20. cxd4 Rac8 21. Nb3 Qb5
22. Rf2 Bb7 23. Nc1 Bd5 24. Kg2 Rc7 25. Na2 Bb3 26. Qe2 Qa5 27. Nc3 Rfc8 28.
Rc1 a6 29. g4 b5 30. Ra1 b4 31. Nb1 Rc2 32. Nd2 Bd5 33. gxf5 exf5 34. Qd1 Rxb2
35. Nf1 Rxf2+ 36. Kxf2 b3 37. Rc1 Qd8 38. Rxc8 Qxc8 39. Nd2 Qc2 40. Ke1 Qd3 41.
Bg1 Bh4+ 42. Bf2 Qxe3+ 43. Qe2 Bxf2+ 44. Kf1 Qxe2+ 45. Kxe2 Bxd4 0-1

[Event "4NCL/Div2b/FCA1 vs. CELT1"]
[Site "Sunningdale ENG"]
[Date "2009.10.25"]
[Round "2.1"]
[White "Almond, Richard J"]
[Black "Hetey, Laszlo"]
[Result "0-1"]
[WhiteElo "2144"]
[BlackElo "2347"]
[PlyCount "92"]
[EventDate "2009.10.25"]
[EventRounds "11"]
[EventCountry "ENG"]
[SourceDate "2009.10.24"]

1. d4 Nf6 2. c4 e6 3. Nc3 Bb4 4. Qc2 O-O 5. a3 Bxc3+ 6. Qxc3 b6 7. Bg5 Bb7 8.
Nf3 d6 9. Nd2 h6 10. Bh4 Nbd7 11. f3 Qe7 12. e4 g5 13. Bf2 c5 14. Be2 cxd4 15.
Bxd4 e5 16. Be3 Nc5 17. O-O Ne6 18. Rfd1 Nf4 19. Bf1 Kg7 20. b4 h5 21. g3 Ne6
22. c5 g4 23. cxd6 Qxd6 24. Nc4 Qc7 25. Qxe5 Qxe5 26. Nxe5 gxf3 27. Nxf3 Bxe4
28. Nd4 Ng4 29. Nxe6+ fxe6 30. Rd7+ Kg6 31. Bd3 Bxd3 32. Rxd3 Rad8 33. Rc3 Rc8
34. Rxc8 Rxc8 35. Re1 Rc2 36. Bf4 Nxh2 37. Rxe6+ Kf5 38. Re5+ Kg4 39. Rg5+ Kf3
40. Rxh5 Rg2+ 41. Kh1 Ng4 42. Be3 Nxe3 43. Rg5 Ra2 44. Rg7 Ng4 45. Rf7+ Kxg3
46. Rf1 Nf2+ 0-1

[Event "4NCL/Div2b/FCA1 vs. CELT1"]
[Site "Sunningdale ENG"]
[Date "2009.10.25"]
[Round "2.2"]
[White "Hoffman, Hendrik"]
[Black "Brown, Alan M"]
[Result "1-0"]
[WhiteElo "2252"]
[BlackElo "2109"]
[PlyCount "45"]
[EventDate "2009.10.25"]
[EventRounds "11"]
[EventCountry "ENG"]
[SourceDate "2009.10.24"]

1. e4 e6 2. d4 d5 3. Nd2 Nf6 4. e5 Nfd7 5. Bd3 b6 6. Ne2 Ba6 7. Bxa6 Nxa6 8.
O-O Be7 9. Nf4 g6 10. Nf3 c6 11. Qe2 Nc7 12. c4 Qc8 13. b3 Qb7 14. a4 O-O-O 15.
Ba3 Rde8 16. Rfc1 Kb8 17. Bd6 Bxd6 18. exd6 Na6 19. Nd3 c5 20. Nde5 Nf6 21. d7
Re7 22. cxd5 Nxd5 23. Nxf7 1-0

[Event "4NCL/Div2b/FCA1 vs. CELT1"]
[Site "Sunningdale ENG"]
[Date "2009.10.25"]
[Round "2.3"]
[White "Habershon, Paul F"]
[Black "Maciol, Ryszard"]
[Result "1/2-1/2"]
[WhiteElo "2089"]
[BlackElo "2245"]
[PlyCount "92"]
[EventDate "2009.10.25"]
[EventRounds "11"]
[EventCountry "ENG"]
[SourceDate "2009.10.24"]

1. Nf3 d5 2. c4 c6 3. d4 Nf6 4. Nc3 dxc4 5. a4 Qa5 6. Bd2 e6 7. e3 Nbd7 8. Bxc4
Bb4 9. O-O O-O 10. Qc2 c5 11. Rfd1 cxd4 12. Nxd4 Ne5 13. Be2 Bd7 14. f4 Ng6 15.
Bf3 Qb6 16. Ne4 Rac8 17. Nxf6+ gxf6 18. Qb3 Bxd2 19. Rxd2 Qxb3 20. Nxb3 Rc7 21.
Nc5 Bc8 22. Ne4 Kg7 23. g3 b6 24. Nd6 Bd7 25. b4 Ne7 26. Kf2 Nc8 27. Nxc8 Rfxc8
28. a5 Bb5 29. axb6 axb6 30. Be2 Rc2 31. Ke1 Bxe2 32. Kxe2 R8c4 33. Rxc2 Rxc2+
34. Kd3 Rxh2 35. Ra6 b5 36. Rb6 Rh5 37. Rc6 Rh3 38. Rc5 Rxg3 39. Rxb5 f5 40.
Rc5 Kf6 41. Rc2 Rg8 42. Rh2 Rg7 43. Kd4 Ke7 44. b5 Kd6 45. Rh6 f6 46. Rxf6 Rb7
1/2-1/2

[Event "4NCL/Div2b/FCA1 vs. CELT1"]
[Site "Sunningdale ENG"]
[Date "2009.10.25"]
[Round "2.4"]
[White "Haldane, Robin W"]
[Black "Onley, David"]
[Result "0-1"]
[WhiteElo "2159"]
[BlackElo "2106"]
[PlyCount "64"]
[EventDate "2009.10.25"]
[EventRounds "11"]
[EventCountry "ENG"]
[SourceDate "2009.10.24"]

1. e4 c5 2. Nf3 e6 3. d4 cxd4 4. Nxd4 Nc6 5. Nc3 a6 6. Be3 Nge7 7. Be2 Nxd4 8.
Qxd4 b5 9. O-O Nc6 10. Qd2 Bb7 11. f4 Be7 12. e5 Na5 13. f5 Rc8 14. fxe6 dxe6
15. Bh5 O-O 16. Qf2 Nc4 17. Bxf7+ Kh8 18. Rad1 Qc7 19. Bd4 b4 20. Ne2 Nxe5 21.
Qg3 Bd6 22. Kh1 Ng6 23. Qf2 Bxh2 24. Rd3 e5 25. Bb6 Qc6 26. Rf3 e4 27. Rh3 e3
28. Qf3 Rxf7 29. Rxh7+ Kxh7 30. Qh3+ Kg8 31. Rxf7 Kxf7 32. Kxh2 Qxb6 0-1

[Event "4NCL/Div2b/FCA1 vs. CELT1"]
[Site "Sunningdale ENG"]
[Date "2009.10.25"]
[Round "2.5"]
[White "Kendall, Paul SN"]
[Black "Pedersen, Carsten"]
[Result "1/2-1/2"]
[WhiteElo "2069"]
[BlackElo "2155"]
[PlyCount "59"]
[EventDate "2009.10.25"]
[EventRounds "11"]
[EventCountry "ENG"]
[SourceDate "2009.10.24"]

1. e4 e6 2. b3 d5 3. Bb2 Nf6 4. exd5 exd5 5. Nf3 Be7 6. d4 O-O 7. Bd3 Bg4 8.
Nbd2 Bb4 9. c3 Re8+ 10. Be2 Bd6 11. O-O Nbd7 12. Re1 c6 13. h3 Bh5 14. Qc2 Ne4
15. Nxe4 Rxe4 16. Ne5 Bxe2 17. Rxe2 Rxe2 18. Qxe2 Qe7 19. Re1 Re8 20. Qd2 Nxe5
21. dxe5 Bxe5 22. Re3 Qf6 23. c4 Re6 24. cxd5 cxd5 25. Bxe5 Rxe5 26. Qxd5 Rxe3
27. fxe3 Qe7 28. Qd4 b6 29. a4 h6 30. b4 1/2-1/2

[Event "4NCL/Div2b/FCA1 vs. CELT1"]
[Site "Sunningdale ENG"]
[Date "2009.10.25"]
[Round "2.6"]
[White "Kemp, Peter D"]
[Black "Freeman, Richard CP"]
[Result "1-0"]
[WhiteElo "2164"]
[BlackElo "2061"]
[PlyCount "93"]
[EventDate "2009.10.25"]
[EventRounds "11"]
[EventCountry "ENG"]
[SourceDate "2009.10.24"]

1. d4 g6 2. Nf3 Bg7 3. g3 b6 4. Bg2 Bb7 5. c4 d6 6. Nc3 e6 7. O-O Ne7 8. Re1
O-O 9. e4 Nd7 10. Be3 h6 11. Qd2 Kh7 12. Rad1 a6 13. Qc2 Qe8 14. Nh4 Rb8 15. f4
f5 16. exf5 exf5 17. Bxb7 Rxb7 18. Bf2 Qf7 19. Qa4 Nb8 20. d5 a5 21. Re6 Rd8
22. Rde1 Bf6 23. Nf3 Nd7 24. Nb5 Nf8 25. R6e2 c5 26. Ne5 Qg7 27. Nc6 Rdd7 28.
Qc2 Kh8 29. Be3 g5 30. Nxe7 Bxe7 31. Qxf5 Qg6 32. Qxg6 Nxg6 33. Bd2 gxf4 34.
gxf4 Bh4 35. Re8+ Kg7 36. R1e6 Be7 37. Bc3+ Kf7 38. R8xe7+ Nxe7 39. Nxd6+ Rxd6
40. Rxd6 b5 41. Rf6+ Ke8 42. d6 Ng8 43. Rg6 Kf8 44. cxb5 Rxb5 45. d7 Rb8 46.
Rxg8+ Kxg8 47. Bf6 1-0

[Event "4NCL/Div2b/FCA1 vs. CELT1"]
[Site "Sunningdale ENG"]
[Date "2009.10.25"]
[Round "2.7"]
[White "Elwin, Adrian G"]
[Black "Josse, Mark"]
[Result "0-1"]
[WhiteElo "2013"]
[BlackElo "2064"]
[PlyCount "108"]
[EventDate "2009.10.25"]
[EventRounds "11"]
[EventCountry "ENG"]
[SourceDate "2009.10.24"]

1. d4 d5 2. Nf3 Nf6 3. Bg5 Ne4 4. Bf4 c5 5. e3 Qb6 6. Qc1 Nc6 7. c3 Bf5 8. Be2
h6 9. h3 Rc8 10. O-O g5 11. Bh2 Bg7 12. g4 Be6 13. dxc5 Qxc5 14. Nbd2 h5 15.
Nb3 Qb6 16. Nfd4 Bd7 17. f3 Nf6 18. Qd2 hxg4 19. hxg4 Ng8 20. Kg2 e5 21. Nf5
Bxf5 22. gxf5 Nf6 23. Rae1 Rd8 24. Bd1 Kd7 25. Bg1 Kc8 26. Bc2 Qc7 27. Qf2 g4
28. f4 Kb8 29. fxe5 Nxe5 30. e4 b6 31. Nd4 g3 32. Qe2 Rde8 33. Qb5 dxe4 34.
Bxe4 Nxe4 35. Rxe4 Qb7 36. Rfe1 Rc8 37. Kf1 g2+ 38. Kxg2 Rh4 39. Qe2 Bf6 40.
Kf1 Rch8 41. Rxe5 Rf4+ 42. Qf2 Rxf2+ 43. Bxf2 Bxe5 44. Rxe5 Kc8 45. f6 Rh1+ 46.
Bg1 Qd7 47. Re3 Qg4 48. Re8+ Kb7 49. Re7+ Ka6 50. Ne2 Qf3+ 51. Ke1 Qxf6 52. Re4
Qf5 53. Ra4+ Kb7 54. Kd2 Rxg1 0-1

[Event "4NCL/Div2b/FCA1 vs. CELT1"]
[Site "Sunningdale ENG"]
[Date "2009.10.25"]
[Round "2.8"]
[White "Owens, Megan R"]
[Black "Evans, Helen I"]
[Result "1/2-1/2"]
[WhiteElo "1764"]
[BlackElo "1626"]
[PlyCount "84"]
[EventDate "2009.10.25"]
[EventRounds "11"]
[EventCountry "ENG"]
[SourceDate "2009.10.24"]

1. d4 d6 2. Nf3 Bg4 3. Nbd2 Nd7 4. g3 e5 5. Bg2 c6 6. c3 Ngf6 7. dxe5 dxe5 8.
Qb3 Nc5 9. Qc2 Qc7 10. b4 Ncd7 11. Bb2 g6 12. Ng5 h6 13. Nge4 Nxe4 14. Nxe4 Bf5
15. Rd1 Bxe4 16. Bxe4 Nf6 17. Bg2 Bg7 18. O-O O-O 19. Rd2 Rad8 20. Rfd1 Rxd2
21. Qxd2 Re8 22. c4 h5 23. h3 Qe7 24. a3 Qe6 25. Qc2 e4 26. e3 Nd7 27. Bxg7
Kxg7 28. Qxe4 Qxe4 29. Bxe4 Nf6 30. Bf3 Kf8 31. b5 cxb5 32. cxb5 b6 33. Rc1 Re7
34. Rc6 Kg7 35. g4 hxg4 36. hxg4 Rd7 37. Rc4 Ne8 38. Bc6 Rd1+ 39. Kg2 Nd6 40.
Ra4 Nc8 41. Kf3 Rd2 42. Kg3 Rd3 1/2-1/2